LEADER 01319nam0-2200337---450- 001 990002673810203316 005 20090310182627.0 035 $a000267381 035 $aUSA01000267381 035 $a(ALEPH)000267381USA01 035 $a000267381 100 $a20051018h----2002|||a0itay0103----ba 101 0 $aita 102 $aIT 105 $ay|||z|||001yy 200 1 $aDocumento di programmazione economico-finanziaria$eper gli anni 2003-2006$fpresentato dal Presidente del Consiglio dei Ministri Silvio Berlusconi e dal Ministro dell'economia e delle finanze Giulio Tremonti$edeliberato dal Consiglio dei Ministri il 5 luglio 2002 210 $aRoma$cIstituto Poligrafico e Zecca dello Stato$h2002 215 $aX, 124 p.$d30 cm. 300 $aIn cop.: Ministero dell'economia e della finanze 606 0 $aItalia$xProgrammazione economica 676 $a338. 945 710 01$aItalia.$bPresidenza del Consiglio dei Ministri$0254944 801 $aIT$bsalbc$gISBD$bSALBC$gISBD 912 $a990002673810203316 951 $a338.945 DOC 1/4(ISE II 361/2003-2006)$b34882 G.$cISE II$d00094765 959 $aBK 969 $aECO 979 $aRENATO$b90$c20051018$lUSA01$h1157 979 $aRSIAV1$b90$c20090310$lUSA01$h1826 996 $aDocumento di programmazione economico-finanziaria$91488095 997 $aUNISA LEADER 01757nam0 2200421 i 450 001 VAN0103345 005 20220217114303.436 017 70$2N$a978-3-319-04609-9 100 $a20151103d2014 |0itac50 ba 101 $aeng 102 $aCH 105 $a|||| ||||| 200 1 $aApplied summability methods$fM. Mursaleen 210 $aCham$cSpringer$d2014 215 $aX, 124 p.$d24 cm 410 1$1001VAN0102596$12001 $aSpringerBriefs in mathematics$1210 $aBerlin [etc.]$cSpringer 500 1$3VAN0240724$aApplied summability methods$91410238 606 $a42-XX$xHarmonic analysis on Euclidean spaces [MSC 2020]$3VANC019851$2MF 606 $a40-XX$xSequences, series, summability [MSC 2020]$3VANC020786$2MF 606 $a41-XX$xApproximations and expansions [MSC 2020]$3VANC022010$2MF 610 $aKorovkin approximation theorems$9KW:K 610 $aLambert summability$9KW:K 610 $aLototski summability$9KW:K 610 $aMatrix theory$9KW:K 610 $aPrime number theorem$9KW:K 610 $aStatistical approximation$9KW:K 610 $aToeplitz matrices$9KW:K 620 $aCH$dCham$3VANL001889 700 1$aMursaleen$b?Mohammad$3VANV080639$0721633 712 $aSpringer $3VANV108073$4650 801 $aIT$bSOL$c20240614$gRICA 856 4 $uhttp://dx.doi.org/10.1007/978-3-319-04609-9$zE-book ? Accesso al full-text attraverso riconoscimento IP di Ateneo, proxy e/o Shibboleth 899 $aBIBLIOTECA CENTRO DI SERVIZIO SBA$2VAN15 912 $fN 912 $aVAN0103345 950 $aBIBLIOTECA CENTRO DI SERVIZIO SBA$d15CONS SBA EBOOK 4697 $e15EB 4697 20191107 996 $aApplied summability methods$91410238 997 $aUNICAMPANIA